000 00759nam a2200241Ia 4500
008 191130s2003##################000#0#eng##
020 _a9780691113326
022 _a2002029280
040 _aACL
_cACL
082 _a511.3 CHE
100 _aCherlin, Gregory L
245 _aFinite structures with few types
_cGregory Cherlin and Ehud Hrushovski
260 _aPrinceton, NJ
_bPrinceton University Press
_cc2003
300 _avi, 193 p. ; 24 cm., : acid-free paper
500 _aIncludes bibliographical references (p. [187]-189) and index
650 _aEnvelopes (Geometry)
650 _aGroup theory
650 _aModel theory
700 _aHrushovski, Ehud
990 _a8fb94980ac10000c3e17dda238fe158e
991 _a102770
999 _c184069
_d184069